000 00837nmc a2200301 a 4500
003 AR-BaBNM
005 20251128210902.0
008 141020s1999 ||||||||||||||000 | spa||
020 _a950-802-092-X
040 _cAR-BaBNM
100 1 _aDonoso Torres, Roberto
245 1 0 _aMito y educación
_bel impacto de la globalización en la educación en Latinoamérica
250 _a1ª ed.
260 _aBuenos Aires
_bEspacio
_c1999
300 _a250 p.
490 0 _aDidáctica
504 _aContiene referencias bibliográficas p. 243-249
650 4 _aPOLITICA EDUCATIVA
650 4 _aCALIDAD DE LA EDUCACION
650 4 _aDESCENTRALIZACION
650 4 _aCOMPETITIVIDAD
653 _aREFORMA EDUCATIVA
653 _aGLOBALIZACION
653 _aNEOLIBERALISMO
653 _aEQUIDAD
942 _cBK
998 _cRAQUEL
999 _c17296
_d17296